[Event "WLS-ch"]
[Site "Hensol Park"]
[Date "2007.04.07"]
[Round "2"]
[White "Cobb, James"]
[Black "Rees, Gareth"]
[Result "1-0"]
[WhiteElo "2420"]
[BlackElo "2167"]
[PlyCount "71"]
[EventDate "2007.04.06"]
[EventType "swiss"]
[EventRounds "7"]
[EventCountry "WLS"]
[SourceTitle "CBM 118 Extra"]
[Source "ChessBase"]
[SourceDate "2007.07.04"]
[SourceVersion "1"]
[SourceVersionDate "2007.07.04"]
[SourceQuality "1"]

1. d4 Nf6 2. c4 g6 3. Nc3 Bg7 4. Nf3 0-0 5. g3 d6 6. Bg2 Nbd7 7. 0-0 e5 8. h3 Re8 9. e4 exd4 10. Nxd4 Nc5 11. Re1 h6 12. Nb3 Ne6 13. f4 Nh5 14. Kh2 a6 15. Be3 Rb8 16. Ba7 Ra8 17. Be3 Rb8 18. Qd2 g5 19. f5 Be5 20. fxe6 Bxg3+ 21. Kg1 Bxe6 22. Bf2 Bxf2+ 23. Qxf2 Nf4 24. Nd5 Bxd5 25. exd5 Qd7 26. Kh2 Rxe1 27. Rxe1 Nd3 28. Qa7 Nxe1 29. Qxb8+ Kg7 30. Nd4 Nxg2 31. Kxg2 g4 32. h4 Kh7 33. Qf8 c5 34. dxc6 bxc6 35. c5 d5 36. Kg3 1-0

[Event "WLS-ch Major"]
[Site "Cardiff"]
[Date "2004.04.11"]
[Round "5"]
[White "Rees, Gareth"]
[Black "Quinn, Rory"]
[Result "0-1"]
[WhiteElo "2048"]
[BlackElo "2024"]
[PlyCount "92"]
[EventDate "2004.04.09"]
[EventType "swiss"]
[EventRounds "7"]
[EventCountry "WLS"]
[SourceTitle "EXT 2006"]
[Source "ChessBase"]
[SourceDate "2005.11.24"]
[SourceVersion "1"]
[SourceVersionDate "2005.11.24"]
[SourceQuality "1"]

1. d4 d5 2. c4 Nc6 3. cxd5 Qxd5 4. e3 e5 5. Nc3 Bb4 6. Bd2 Bxc3 7. bxc3 exd4 8. cxd4 Nf6 9. Qb3 Qe4 10. f3 Qh4+ 11. g3 Qh5 12. Qb5 Qxb5 13. Bxb5 Bd7 14. Ne2 0-0-0 15. Nc3 Rhe8 16. Kf2 a6 17. Be2 Bf5 18. Na4 Nxd4 19. Bc3 Nxe2 20. Kxe2 Nd5 21. Bd2 Re7 22. e4 Bxe4 23. Nc5 Bf5+ 24. Kf2 Rde8 25. Rhe1 Rxe1 26. Rxe1 Rxe1 27. Kxe1 Kb8 28. g4 Be6 29. h3 Ka7 30. a3 b6 31. Nd3 c5 32. Nf4 Nxf4 33. Bxf4 Bd5 34. Ke2 Kb7 35. Be5 g6 36. h4 b5 37. h5 a5 38. hxg6 fxg6 39. g5 b4 40. axb4 axb4 41. f4 Kc6 42. Kd2 c4 43. Kc2 Be4+ 44. Kb2 c3+ 45. Kb3 Kc5 46. Bf6 Bd5+ 0-1

[Event "WLS-ch Major"]
[Site "Cardiff"]
[Date "2004.04.11"]
[Round "4"]
[White "Woolcock, Craig"]
[Black "Rees, Gareth"]
[Result "0-1"]
[WhiteElo "1921"]
[BlackElo "2048"]
[PlyCount "62"]
[EventDate "2004.04.09"]
[EventType "swiss"]
[EventRounds "7"]
[EventCountry "WLS"]
[SourceTitle "EXT 2006"]
[Source "ChessBase"]
[SourceDate "2005.11.24"]
[SourceVersion "1"]
[SourceVersionDate "2005.11.24"]
[SourceQuality "1"]

1. e4 e5 2. Nf3 Nc6 3. Bb5 f5 4. Bxc6 dxc6 5. Nc3 fxe4 6. Nxe4 Nf6 7. Qe2 Bf5 8. d3 Bd6 9. Bd2 0-0 10. h3 Nd5 11. g3 Qe8 12. Kf1 Qf7 13. Kg2 Rae8 14. a3 c5 15. c4 Ne7 16. g4 Bd7 17. b4 b6 18. b5 Ng6 19. Rae1 Qxf3+ 20. Qxf3 Nh4+ 21. Kg3 Nxf3 22. Re2 Be7 23. h4 Nd4 24. Re3 a6 25. a4 axb5 26. axb5 Ra8 27. Nc3 Ra3 28. Rf1 Bd6 29. f3 Bc8 30. Kh3 h5 31. Kg3 hxg4 0-1

[Event "WLS-ch Major"]
[Site "Cardiff"]
[Date "2004.04.09"]
[Round "1"]
[White "Rees, Gareth"]
[Black "Yeo, Gareth"]
[Result "1-0"]
[WhiteElo "2048"]
[BlackElo "1749"]
[PlyCount "67"]
[EventDate "2004.04.09"]
[EventType "swiss"]
[EventRounds "7"]
[EventCountry "WLS"]
[SourceTitle "EXT 2006"]
[Source "ChessBase"]
[SourceDate "2005.11.24"]
[SourceVersion "1"]
[SourceVersionDate "2005.11.24"]
[SourceQuality "1"]

1. d4 Nf6 2. c4 e6 3. Nc3 Bb4 4. Qc2 d5 5. cxd5 exd5 6. Bg5 c6 7. e3 0-0 8. Bd3 Nbd7 9. Bxh7+ Kh8 10. Bf5 Qa5 11. Nge2 Ne4 12. Bf4 Ndf6 13. Bxc8 Raxc8 14. f3 Nxc3 15. bxc3 Be7 16. 0-0 Nh5 17. Be5 Qd8 18. Qf5 Nf6 19. Rab1 b6 20. g4 g6 21. Qf4 Kh7 22. Qg3 Ne8 23. Qh3+ Bh4 24. Nf4 Kg8 25. Ng2 Bf6 26. Qh6 Bg7 27. Bxg7 Nxg7 28. f4 Qd7 29. Qg5 Qd8 30. Qh6 Qd7 31. h3 c5 32. Nh4 Rc6 33. Nf3 Qe8 34. Ng5 1-0